Soto, Sotillo y compañía (Record no. 173902)

MARC details
000 -LEADER
campo de control de longitud fija 00799namaa22001811 4500
001 - NÚMERO DE CONTROL
campo de control 173902
003 - IDENTIFICADOR DE NÚMERO DE CONTROL
campo de control ES-MaACL
005 - FECHA Y HORA DE LA ÚLTIMA TRANSACCIÓN
campo de control 20230906215403.0
008 - DATOS DE LONGITUD FIJA--INFORMACIÓN GENERAL
campo de control de longitud fija 100128s1870 sp |||| | spa d
040 ## - FUENTE DE CATALOGACIÓN
Centro catalogador/agencia de origen SpMaBN
Lengua de catalogación spa
Centro/agencia transcriptor CDM
100 0# - ENTRADA PRINCIPAL--NOMBRE DE PERSONA
Nombre de persona Bardan, Federico.
9 (RLIN) 25573
245 10 - MENCIÓN DEL TÍTULO
Título Soto, Sotillo y compañía
Resto del título : comedia en tres actos /
Mención de responsabilidad, etc. traducida del francés por Don Federico Bardan.
260 ## - PUBLICACIÓN, DISTRIBUCIÓN, ETC.
Lugar de publicación, distribución, etc. Madrid :
Nombre del editor, distribuidor, etc. [s.n.],
Fecha de publicación, distribución, etc. 1870 (
Fabricante Impr. de José Rodríguez)
300 ## - DESCRIPCIÓN FÍSICA
Extensión 70 p. ;
Dimensiones 17 cm.
500 ## - NOTA GENERAL
Nota general En port.: Estrenada... en el teatro de Lope de Rueda, el 24 de diciembre de 1869.
852 ## - LOCALIZACIÓN
Ubicación ES-MaACL
Número de control de estantería F-8627(11)
Nota libre .- Enc. pasta española
condición física .- Falto de la cub. original
Nota libre .- Enc. en un vol. facticio formando parte de la col. facticia "Teatro español moderno", vol. 82
Holdings
Estatus retirado Estado de pérdida Estado de daño No para préstamo Colección Biblioteca de origen Biblioteca actual Ubicación en estantería Fecha de adquisición Fuente de adquisición Total de préstamos Signatura topográfica completa Código de barras Visto por última vez Precio de reemplazo Tipo de ítem Koha
        Libros del s. XIX Biblioteca del Ateneo de Madrid Biblioteca del Ateneo de Madrid Sala Pecera Planta 2 28/01/2010     F-8627(11) 1182541 23/02/2023 23/02/2023 Libro impreso antiguo